| 000 | 01845nam a2200529 i 4500 | ||
|---|---|---|---|
| 001 | 45711 | ||
| 003 | KOSZ 005 | ||
| 005 | 20221014143014.0 | ||
| 008 | 040625s2003 pl a |001 0 pol | ||
| 015 | _aUWD 2004/13195 | ||
| 020 | _a8370964958 | ||
| 035 | _a991024128549705066 | ||
| 035 | _a(PL-WaBN)b16584557-48omnis_nlop | ||
| 035 | _ab16584557 | ||
| 035 | _a(OCoLC)749532379 | ||
| 035 | _a(PL)b0000001658455 | ||
| 035 | _a(EXLNZ-48OMNIS_NETWORK)9910455606505606 | ||
| 040 |
_aWA N _cWA N _dKOSZ 005/HR |
||
| 041 | 0 | _apol | |
| 046 | _k2003 | ||
| 080 | _a678.02 | ||
| 080 | _a621.791/.795 | ||
| 080 | _a539.3/.6 | ||
| 080 | _a537.5 | ||
| 080 | _a(07) | ||
| 100 | 1 |
_aŻenkiewicz, Marian _d(1945- ) _eAutor |
|
| 245 | 1 | 0 |
_aWybrane zagadnienia modyfikowania radiacyjnego materiałów polimerowych / _cMarian Żenkiewicz, Joanna Czupryńska. |
| 260 |
_aBydgoszcz : _bWydaw. Akademii Bydgoskiej im. Kazimierza Wielkiego, _c2003. |
||
| 300 |
_a273 s. : _bfot. kolor., pl., rys., tab., wykr. ; _c24 cm. |
||
| 336 |
_aTekst _btxt _2rdacontent |
||
| 337 |
_aBez urządzenia pośredniczącego _bn _2rdamedia |
||
| 338 |
_aWolumin _bnc _2rdacarrier |
||
| 380 | _aKsiążki | ||
| 388 | _a2001- | ||
| 504 | _aBibliogr. przy rozdz. Indeks. | ||
| 650 | 7 |
_aInżynieria powierzchni _2DBN |
|
| 650 | 7 |
_aPromieniowanie jonizujące _2DBN |
|
| 650 | 7 |
_aTworzywa sztuczne _2DBN |
|
| 650 | 7 |
_aWytrzymałość materiałów _2DBN |
|
| 655 | 7 |
_aPodręcznik _2DBN |
|
| 658 | _aInżynieria i technika | ||
| 700 | 1 |
_aCzupryńska, Joanna _eAutor |
|
| 710 | 2 |
_aWydawnictwo Uniwersytetu Kazimierza Wielkiego (Bydgoszcz) _4pbl |
|
| 856 |
_uhttp://koha.tu.koszalin.pl/cgi-bin/koha/opac-detail.pl?biblionumber=45711 _yKatalog online BPK |
||
| 942 |
_2UKD _cKS |
||
| 999 |
_c45711 _d45711 |
||